Stories about sikh traditions / (Record no. 160824)

MARC details
000 -LEADER
fixed length control field 00451nam a22001697a 4500
005 - DATE AND TIME OF LATEST TRANSACTION
control field 20190212122722.0
010 ## - LCCN (DPL NO)
LC control number B-162225
020 ## - INTERNATIONAL STANDARD BOOK NUMBER
International Standard Book Number 8170103517
035 ## - SYSTEM CONTROL NUMBER
System control number B-162225
037 ## - SOURCE OF ACQUISITION
Source of stock number/acquisition Hemkunt Publishers Pvt. Ltd.
082 ## - DEWEY DECIMAL CLASSIFICATION NUMBER
Classification number S
100 ## - MAIN ENTRY--PERSONAL NAME
Personal name Kaur, Kanwaljit
245 ## - TITLE STATEMENT
Title Stories about sikh traditions /
Statement of responsibility, etc Kanwaljit Kaur
260 ## - PUBLICATION, DISTRIBUTION, ETC. (IMPRINT)
Place of publication, distribution, etc New Delhi
Name of publisher, distributor, etc Hemkunt Publishers Pvt. Ltd.
Date of publication, distribution, etc 2006
300 ## - PHYSICAL DESCRIPTION
Extent 56p.
Dimensions 24cm(hbk)
942 ## - ADDED ENTRY ELEMENTS (KOHA)
Source of classification or shelving scheme Dewey Decimal Classification
Item type Children Books
Classification part S
Call number suffix STO
Holdings
Withdrawn status Lost status Not for loan Collection code Home library Current library Date acquired Full call number Barcode Koha item type
      Fiction Sarojini Nagar Sarojini Nagar 12/02/2019 S STO B-162225 Children Books

© Delhi Public Library
Hit Counter
free hit counter